[Event "30.Schlosspark-Open"]
[Site "Wiesbaden-Biebrich"]
[Date "2018.08.24"]
[Round "3.26"]
[White "Kobs, Stephan"]
[Black "Seickel, Ralf"]
[Result "1/2-1/2"]
[WhiteElo "1926"]
[BlackElo "2050"]
[PlyCount "31"]
[EventDate "2018.??.??"]
[WhiteTeam "SV Esens"]
[BlackTeam "vereinslos"]

1. e4 c5 2. Nf3 a6 3. c4 Nc6 4. d4 cxd4 5. Nxd4 Nf6 6. Nc3 d6 7. Be2 g6 8. Be3
Bg7 9. O-O O-O 10. Rc1 Bd7 11. Qd2 Nxd4 12. Bxd4 b5 13. f3 Qa5 14. b3 b4 15.
Nd5 Nxd5 16. Bxg7 1/2-1/2

[Event "30.Schlosspark-Open"]
[Site "Wiesbaden-Biebrich"]
[Date "2018.08.24"]
[Round "3.27"]
[White "Nagel, Bernhard"]
[Black "Rump, Andreas"]
[Result "1-0"]
[WhiteElo "2214"]
[BlackElo "1936"]
[PlyCount "103"]
[EventDate "2018.??.??"]
[WhiteTeam "Koelner SK Dr. Lasker"]
[BlackTeam "SG Idstein"]

1. d4 Nf6 2. c4 e6 3. Nf3 b6 4. g3 Bb7 5. Bg2 Bb4+ 6. Bd2 a5 7. O-O O-O 8. Bg5
Be7 9. Nc3 d5 10. Bxf6 Bxf6 11. cxd5 exd5 12. Qb3 c6 13. Ne5 Bxe5 14. dxe5 Nd7
15. f4 Nc5 16. Qc2 Qe7 17. Kh1 Rfd8 18. Rad1 a4 19. Rd2 b5 20. Rc1 Ne6 21. Rcd1
a3 22. b3 Nc5 23. e3 Na6 24. Qd3 Nb4 25. Qe2 f6 26. exf6 Qxf6 27. Rc1 Qe7 28.
Qf2 Rd6 29. e4 dxe4 30. Bxe4 Rxd2 31. Qxd2 Rd8 32. Qe2 Rd4 33. Bxh7+ Kf8 34.
Re1 Qxe2 35. Rxe2 Kf7 36. Kg1 g6 37. f5 gxf5 38. Bxf5 Kf6 39. g4 Nd5 40. Ne4+
Kg7 41. Nc5 Rd1+ 42. Kf2 Ra1 43. g5 Bc8 44. Bxc8 Nc3 45. Re7+ Kg6 46. h4 Rxa2+
47. Kf3 Rh2 48. Kg3 Rh1 49. Nd3 Rg1+ 50. Kf3 Rxg5 51. hxg5 a2 52. Kg4 1-0

[Event "30.Schlosspark-Open"]
[Site "Wiesbaden-Biebrich"]
[Date "2018.08.24"]
[Round "3.28"]
[White "Guelsen, Taylan"]
[Black "Haasner, Tom"]
[Result "1-0"]
[WhiteElo "2207"]
[BlackElo "1950"]
[PlyCount "73"]
[EventDate "2018.??.??"]
[WhiteTeam "SG Niederkassel"]
[BlackTeam "TSV Rottendorf"]

1. d4 Nf6 2. c4 c5 3. d5 b5 4. Qc2 g6 5. e4 d6 6. cxb5 a6 7. Nc3 Bg7 8. Nf3 O-O
9. Be2 Nbd7 10. O-O Ne8 11. bxa6 Nc7 12. a7 Rxa7 13. Nb5 Nxb5 14. Bxb5 Qb6 15.
a4 Ba6 16. Bxa6 Qxa6 17. Ra2 Rb8 18. Bd2 Ne5 19. Nxe5 Bxe5 20. b3 Rab7 21. Ra3
Bxh2+ 22. Kxh2 Qxf1 23. Bc3 f6 24. Ra1 Qa6 25. Rb1 Rb6 26. a5 Rb5 27. f4 Qb7
28. Qa2 Ra8 29. Qa4 Qa6 30. e5 dxe5 31. fxe5 Rf8 32. Qc4 Kg7 33. d6 Rxa5 34.
Bxa5 Qxa5 35. dxe7 Rc8 36. exf6+ Kxf6 37. Rf1+ 1-0

[Event "30.Schlosspark-Open"]
[Site "Wiesbaden-Biebrich"]
[Date "2018.08.24"]
[Round "3.29"]
[White "Wolff, Michael"]
[Black "Ebert, Wolfgang"]
[Result "1/2-1/2"]
[WhiteElo "1962"]
[BlackElo "2180"]
[PlyCount "60"]
[EventDate "2018.??.??"]
[WhiteTeam "Ford SF Koeln"]
[BlackTeam "Schachforum Darmstadt"]

1. e4 c5 2. c3 Nf6 3. e5 Nd5 4. d4 cxd4 5. Nf3 e6 6. cxd4 b6 7. Be2 Be7 8. O-O
O-O 9. Nc3 Nxc3 10. bxc3 Bb7 11. c4 d6 12. exd6 Bxd6 13. Bd3 Nd7 14. Bb2 Qc7
15. h3 h6 16. Qe2 Rfe8 17. Ne5 Nxe5 18. dxe5 Bc5 19. Kh1 Rad8 20. Rad1 Rd7 21.
f4 Red8 22. f5 exf5 23. Bxf5 Rxd1 24. Rxd1 Rxd1+ 25. Qxd1 Qe7 26. Qg4 Qg5 27.
Qxg5 hxg5 28. Bc1 Ba6 29. Bd3 f6 30. exf6 gxf6 1/2-1/2

[Event "30.Schlosspark-Open"]
[Site "Wiesbaden-Biebrich"]
[Date "2018.08.24"]
[Round "3.30"]
[White "Guertler, Karl-Heinz"]
[Black "Weber, Samuel"]
[Result "0-1"]
[WhiteElo "1908"]
[BlackElo "2133"]
[PlyCount "82"]
[EventDate "2018.??.??"]
[WhiteTeam "SC Ober-Ramstadt"]
[BlackTeam "SV Oberursel"]

1. e4 e5 2. Nf3 Nc6 3. Bc4 Bc5 4. d3 Nf6 5. Nc3 d6 6. Bg5 h6 7. Bxf6 Qxf6 8.
Nd5 Qd8 9. c3 Ne7 10. O-O c6 11. Nxe7 Qxe7 12. d4 Bb6 13. d5 O-O 14. h3 Bd7 15.
Qd2 c5 16. g4 h5 17. gxh5 Bxh3 18. h6 Qf6 19. h7+ Kh8 20. Ng5 Bxf1 21. Bxf1 Qh6
22. Rd1 Bd8 23. Nh3 Qxd2 24. Rxd2 Kxh7 25. f4 exf4 26. Rh2 g6 27. Nxf4+ Kg7 28.
Rg2 Rh8 29. Be2 Rh4 30. Bg4 Bg5 31. Nh3 Bf6 32. Kf2 Rah8 33. Nf4 Rh2 34. Nd3
Rxg2+ 35. Kxg2 b5 36. Bd7 Rb8 37. Kf3 a5 38. Kf4 c4 39. e5 cxd3 40. exf6+ Kxf6
41. Ke3 Ke5 0-1

[Event "30.Schlosspark-Open"]
[Site "Wiesbaden-Biebrich"]
[Date "2018.08.24"]
[Round "3.31"]
[White "Schmidt, Volker"]
[Black "Henrich, David"]
[Result "0-1"]
[WhiteElo "1905"]
[BlackElo "2134"]
[PlyCount "96"]
[EventDate "2018.??.??"]
[WhiteTeam "TuS Dotzheim"]
[BlackTeam "Frankfurter TV"]

1. c4 e5 2. g3 Nf6 3. Bg2 d6 4. Nc3 Be7 5. e3 c6 6. d4 O-O 7. Nge2 Nbd7 8. O-O
Re8 9. b3 Qc7 10. Bb2 a6 11. Rc1 b6 12. Qc2 Bb7 13. Rfd1 Bf8 14. Qd3 Rad8 15.
Qd2 Qb8 16. h3 g6 17. Re1 b5 18. d5 cxd5 19. cxb5 d4 20. exd4 Bxg2 21. Kxg2
Qb7+ 22. Kh2 axb5 23. Qd3 b4 24. Nd1 exd4 25. Bxd4 Ne5 26. Bxe5 dxe5 27. Qb1
Rd2 28. Rc2 Red8 29. Ng1 e4 30. Qc1 Bh6 31. Ne3 Qd7 32. Qb2 Bg7 33. Qc1 Qd3 34.
Rxd2 Qxd2 35. Qxd2 Rxd2 36. Re2 Rd3 37. Rc2 Bh6 38. Nc4 Nd5 39. Ne2 f5 40. Kg2
Nc3 41. Kf1 Rd1+ 42. Kg2 Bg7 43. Nc1 Re1 44. a3 Nb5 45. a4 Nd4 46. Ra2 Rxc1 47.
a5 g5 48. a6 Nf3 0-1

[Event "30.Schlosspark-Open"]
[Site "Wiesbaden-Biebrich"]
[Date "2018.08.24"]
[Round "3.32"]
[White "Flach, Erich"]
[Black "Buehler, Severin"]
[Result "1-0"]
[WhiteElo "2127"]
[BlackElo "1892"]
[PlyCount "89"]
[EventDate "2018.??.??"]
[WhiteTeam "SK Langen"]
[BlackTeam "Heilbronner SV"]

1. e4 c5 2. Nf3 d6 3. d4 cxd4 4. Nxd4 Nf6 5. Nc3 a6 6. Be2 e5 7. Nb3 Be7 8. O-O
O-O 9. Be3 Be6 10. a4 Nbd7 11. a5 Rc8 12. f4 exf4 13. Rxf4 Ne5 14. Nd4 Bd7 15.
Nf5 Bxf5 16. exf5 Nfd7 17. Rb4 Nc5 18. Nd5 Ned7 19. Bf4 Ne5 20. Rb6 Rc6 21. Rb4
Re8 22. Qd2 Ned7 23. Bf3 Bf8 24. Rd4 Ne5 25. Be2 Ned7 26. Bf1 Ne4 27. Qb4 Ndc5
28. Re1 Nf6 29. Bg5 Rxe1 30. Qxe1 Ncd7 31. Bd3 h6 32. Bh4 Qe8 33. Qxe8 Nxe8 34.
b4 Nef6 35. Nxf6+ Nxf6 36. b5 axb5 37. Rb4 Rc5 38. Bf2 Rd5 39. Rxb5 Rxb5 40.
Bxb5 Ne4 41. Bd4 d5 42. Bc6 Nd6 43. Bxb7 Nxb7 44. a6 Bc5 45. Bxc5 1-0

[Event "30.Schlosspark-Open"]
[Site "Wiesbaden-Biebrich"]
[Date "2018.08.24"]
[Round "3.33"]
[White "Bakiev, Diyor"]
[Black "Bauer, Claus"]
[Result "0-1"]
[WhiteElo "1899"]
[BlackElo "2121"]
[PlyCount "68"]
[EventDate "2018.??.??"]
[WhiteTeam "SV Ffm-Griesheim"]
[BlackTeam "SF Mainz"]

1. e4 d6 2. d4 Nf6 3. Nc3 e5 4. Nf3 Nbd7 5. Bc4 Be7 6. O-O O-O 7. a4 c6 8. Re1
b6 9. h3 a6 10. Be3 Rb8 11. Ba2 b5 12. axb5 axb5 13. b4 Qc7 14. Rb1 Nb6 15. Qe2
Bd7 16. Bd2 Ra8 17. Bb3 Rfb8 18. Nd1 exd4 19. Nxd4 c5 20. e5 cxd4 21. exf6 Bxf6
22. Qh5 Nc4 23. Bg5 Bxg5 24. Qxg5 Re8 25. Rxe8+ Rxe8 26. Nb2 Nxb2 27. Rxb2 Qc3
28. Rb1 h6 29. Qd5 Re1+ 30. Rxe1 Qxe1+ 31. Kh2 Qe5+ 32. g3 Qf6 33. Kg2 g5 34.
Qf3 Bxh3+ 0-1

[Event "30.Schlosspark-Open"]
[Site "Wiesbaden-Biebrich"]
[Date "2018.08.24"]
[Round "3.34"]
[White "Thomele, Michael"]
[Black "Koch, Markus"]
[Result "0-1"]
[WhiteElo "1886"]
[BlackElo "2122"]
[PlyCount "104"]
[EventDate "2018.??.??"]
[WhiteTeam "SC Obernau"]
[BlackTeam "SC Brett vorm Kopp"]

1. e4 c5 2. Nf3 d6 3. Nc3 Nf6 4. d4 cxd4 5. Nxd4 a6 6. Be2 e5 7. Nb3 Be7 8. Be3
Be6 9. O-O O-O 10. f4 exf4 11. Bxf4 Nc6 12. Kh1 d5 13. exd5 Nxd5 14. Nxd5 Qxd5
15. Qe1 Qe4 16. Bd3 Qxe1 17. Raxe1 a5 18. a3 Rfd8 19. Nd2 Bf6 20. Rb1 Be5 21.
Nc4 Bxf4 22. Rxf4 b5 23. Ne3 Rab8 24. Bf5 Rd2 25. Bxe6 fxe6 26. Re4 e5 27. c4
b4 28. axb4 Rxb4 29. Nd1 Kf7 30. Rc1 Ke6 31. Re3 Rxc4 32. Rb1 Rcc2 33. Rg3 Re2
34. h3 Re1+ 35. Kh2 Nd4 36. Rxg7 Rd2 37. Nc3 Rxb1 38. Nxb1 Rxb2 39. Nc3 h5 40.
Kg1 Rc2 41. Ne4 Ne2+ 42. Kf1 Nf4 43. g4 hxg4 44. hxg4 Kd5 45. Nf6+ Kd4 46. g5
a4 47. Ra7 Rc4 48. Rd7+ Kc3 49. Re7 a3 50. Rxe5 a2 51. Ra5 Kb3 52. Kf2 Ra4 0-1

[Event "30.Schlosspark-Open"]
[Site "Wiesbaden-Biebrich"]
[Date "2018.08.24"]
[Round "3.35"]
[White "Boder, Jan"]
[Black "Koellner, Christof"]
[Result "0-1"]
[WhiteElo "1842"]
[BlackElo "2111"]
[PlyCount "70"]
[EventDate "2018.??.??"]
[WhiteTeam "SG Moersdorf-Lahr"]
[BlackTeam "SV Bergneustadt/Derschlag"]

1. c4 e5 2. g3 Nc6 3. Bg2 Bc5 4. Nc3 a6 5. d3 d6 6. a3 Ba7 7. e3 h5 8. b4 h4 9.
Nge2 Bg4 10. b5 axb5 11. cxb5 h3 12. Bd5 Na5 13. Qa4 Bd7 14. Ne4 Bb6 15. Bd2 f5
16. N4c3 Nf6 17. Bf3 g5 18. Rf1 Be6 19. Qc2 d5 20. Na4 O-O 21. Nxb6 cxb6 22. d4
e4 23. Bh1 Ng4 24. f3 exf3 25. Rxf3 Nxh2 26. Rf2 Ng4 27. Rf1 Nc4 28. Qd3 Nxd2
29. Qxd2 Qe7 30. a4 Nf6 31. Ng1 Ne4 32. Bxe4 fxe4 33. Qh2 Qb4+ 34. Qd2 Rxf1+
35. Kxf1 Qxd2 0-1

[Event "30.Schlosspark-Open"]
[Site "Wiesbaden-Biebrich"]
[Date "2018.08.24"]
[Round "3.36"]
[White "Pioch, Thomas"]
[Black "Held, Maurice"]
[Result "1/2-1/2"]
[WhiteElo "2110"]
[BlackElo "1802"]
[PlyCount "38"]
[EventDate "2018.??.??"]
[WhiteTeam "SF Mainz"]
[BlackTeam "SC Ladja Rossdorf"]

1. e3 c5 2. b3 Nf6 3. Bb2 g6 4. Nf3 Bg7 5. Be2 O-O 6. d4 b6 7. O-O Bb7 8. Nbd2
d6 9. c4 cxd4 10. exd4 Nbd7 11. d5 Nc5 12. Qc2 a5 13. Nd4 e5 14. dxe6 fxe6 15.
Bf3 Bxf3 16. N4xf3 Ng4 17. Bxg7 Kxg7 18. h3 Nf6 19. Rac1 Qc7 1/2-1/2

[Event "30.Schlosspark-Open"]
[Site "Wiesbaden-Biebrich"]
[Date "2018.08.24"]
[Round "3.37"]
[White "Modric, Vladimir"]
[Black "Kummer, Wolfram"]
[Result "1-0"]
[WhiteElo "1867"]
[BlackElo "2108"]
[PlyCount "69"]
[EventDate "2018.??.??"]
[WhiteTeam "SC Nied"]
[BlackTeam "Godesberger SK"]

1. c4 b6 2. Nc3 Bb7 3. e4 e6 4. g3 c5 5. Bg2 Nc6 6. Nge2 h5 7. h4 Be7 8. d3 a6
9. Nf4 g6 10. Nh3 Nf6 11. O-O d6 12. Ng5 Qc7 13. Rb1 Nd4 14. Ne2 Ng4 15. f3 Nh6
16. Nxd4 cxd4 17. b4 b5 18. cxb5 axb5 19. Rf2 d5 20. Bf4 Bd6 21. Rc2 Qb8 22.
Qc1 Bxf4 23. gxf4 O-O 24. Bh3 dxe4 25. fxe4 Qd6 26. Rbb2 Rfc8 27. Rc5 Rxc5 28.
bxc5 Qc6 29. Nf3 Qd7 30. Ne5 Qd8 31. c6 Bc8 32. f5 Ng4 33. Bxg4 hxg4 34. fxg6
Qxh4 35. gxf7+ 1-0

[Event "30.Schlosspark-Open"]
[Site "Wiesbaden-Biebrich"]
[Date "2018.08.24"]
[Round "3.38"]
[White "Matzat, Andre"]
[Black "Eg, Karlheinz"]
[Result "1/2-1/2"]
[WhiteElo "2081"]
[BlackElo "1863"]
[PlyCount "82"]
[EventDate "2018.??.??"]
[WhiteTeam "Oberhausener SV"]
[BlackTeam "SV Ruesselsheim"]

1. d4 Nf6 2. Bf4 g6 3. Nc3 d5 4. e3 Bg7 5. h4 c6 6. Be2 Qb6 7. a3 h5 8. Nf3 Bg4
9. Na4 Qa5+ 10. c3 Nbd7 11. b4 Qd8 12. Ne5 Bxe2 13. Qxe2 b5 14. Nb2 Nxe5 15.
Bxe5 O-O 16. f3 a5 17. Kf2 Nd7 18. Bxg7 Kxg7 19. Nd3 Nb6 20. Ne5 Qc7 21. Qc2
Nd7 22. Nxd7 Qxd7 23. a4 Qc7 24. g3 Ra6 25. Ra3 Rfa8 26. Rha1 R8a7 27. Kg2 Qd8
28. e4 e6 29. Qb2 Qa8 30. exd5 exd5 31. axb5 cxb5 32. bxa5 Rxa5 33. Rxa5 Rxa5
34. Rxa5 Qxa5 35. g4 Qa4 36. Qe2 hxg4 37. fxg4 Qb3 38. Qe5+ Kg8 39. Qe8+ Kg7
40. Qe5+ Kg8 41. Qe8+ Kg7 1/2-1/2

[Event "30.Schlosspark-Open"]
[Site "Wiesbaden-Biebrich"]
[Date "2018.08.24"]
[Round "3.39"]
[White "Held, Carsten"]
[Black "Ahrends, Norbert"]
[Result "1-0"]
[WhiteElo "2070"]
[BlackElo "1860"]
[PlyCount "73"]
[EventDate "2018.??.??"]
[WhiteTeam "SC Ladja Rossdorf"]
[BlackTeam "SV Gross-Gerau"]

1. Nf3 d5 2. c4 c6 3. e3 Nf6 4. Nc3 e6 5. b3 g6 6. Bb2 Bg7 7. Ba3 Nbd7 8. d4
Qa5 9. Qc1 Ne4 10. b4 Qc7 11. cxd5 Nxc3 12. dxe6 fxe6 13. Qxc3 a6 14. Bc4 Nb6
15. O-O Nxc4 16. Qxc4 O-O 17. Rac1 Bd7 18. Ng5 Rae8 19. f4 h6 20. Ne4 b5 21.
Qb3 Kh7 22. Bb2 Re7 23. Bc3 Rff7 24. Be1 Kg8 25. Bg3 Rf5 26. Bh4 Ref7 27. g4
Rd5 28. Bg3 Qb6 29. Rcd1 Bc8 30. Qc2 Kh7 31. h4 Re7 32. Nc3 Rd8 33. h5 Red7 34.
Qxg6+ Kh8 35. Bh4 c5 36. bxc5 Qa5 37. Ne4 1-0

[Event "30.Schlosspark-Open"]
[Site "Wiesbaden-Biebrich"]
[Date "2018.08.24"]
[Round "3.40"]
[White "Frey, Thomas"]
[Black "Seidel, Martin"]
[Result "1-0"]
[WhiteElo "2051"]
[BlackElo "1860"]
[PlyCount "81"]
[EventDate "2018.??.??"]
[WhiteTeam "SV Reutlingen"]
[BlackTeam "SV Hennef"]

1. d4 Nf6 2. c4 g6 3. Nc3 Bg7 4. e4 d6 5. Nf3 O-O 6. Be2 e5 7. O-O Nc6 8. d5
Ne7 9. Ne1 Nd7 10. Nd3 f5 11. f3 f4 12. Bd2 g5 13. b4 Ng6 14. c5 Rf7 15. Nb5
Nf6 16. Nf2 Bf8 17. cxd6 cxd6 18. a4 h5 19. h3 Rg7 20. Rc1 a6 21. Na3 Bd7 22.
a5 Nh8 23. Nc4 Rc8 24. Nb6 Rxc1 25. Qxc1 g4 26. Nxd7 Qxd7 27. Kh1 gxh3 28. Nxh3
Nf7 29. Qc2 Ng5 30. Nxg5 Rxg5 31. Rc1 Rg7 32. Qc8 Rf7 33. Be1 Kg7 34. Qxd7 Rxd7
35. Bd1 Rf7 36. Ba4 Re7 37. Bh4 Rf7 38. Bf2 Be7 39. Rc8 Bf8 40. Kg1 Be7 41. Ba7
1-0

[Event "30.Schlosspark-Open"]
[Site "Wiesbaden-Biebrich"]
[Date "2018.08.24"]
[Round "3.41"]
[White "Michalski, Uwe"]
[Black "Belz, Frank-Martin"]
[Result "0-1"]
[WhiteElo "1860"]
[BlackElo "2041"]
[PlyCount "52"]
[EventDate "2018.??.??"]
[WhiteTeam "SF Mainz"]
[BlackTeam "SK Freising"]

1. c4 c6 2. d4 d5 3. Nc3 dxc4 4. a4 Nf6 5. e4 e5 6. Be3 Bb4 7. f3 exd4 8. Bxd4
Be6 9. Nge2 O-O 10. Qc2 b5 11. g3 Nbd7 12. Bg2 Nc5 13. O-O Nb3 14. Rad1 Nxd4
15. Nxd4 Bc5 16. Nce2 Qb6 17. Kh1 Bc8 18. g4 Rd8 19. Nf5 Bxf5 20. gxf5 a6 21.
Ng3 Ra7 22. e5 Nd5 23. Qe4 Ne3 24. Rxd8+ Qxd8 25. Re1 Qd2 26. Rxe3 Qxe3 0-1

[Event "30.Schlosspark-Open"]
[Site "Wiesbaden-Biebrich"]
[Date "2018.08.24"]
[Round "3.42"]
[White "Fischer, Daniel"]
[Black "Hoffmann, Christian"]
[Result "1-0"]
[WhiteElo "2037"]
[BlackElo "1859"]
[PlyCount "31"]
[EventDate "2018.??.??"]
[WhiteTeam "SVG Offenburg"]
[BlackTeam "BKA Wiesbaden"]

1. Nf3 Nf6 2. c4 g6 3. g3 Bg7 4. Bg2 d5 5. cxd5 Nxd5 6. Nc3 c6 7. d4 Bf5 8. Qb3
b6 9. Ne5 Bxe5 10. dxe5 Be6 11. Qa4 O-O 12. Bh6 Nxc3 13. bxc3 b5 14. Qh4 Qa5
15. O-O Rd8 16. Qxe7 1-0

[Event "30.Schlosspark-Open"]
[Site "Wiesbaden-Biebrich"]
[Date "2018.08.24"]
[Round "3.43"]
[White "Zachary, Bastian"]
[Black "Reitz, Philipp"]
[Result "0-1"]
[WhiteElo "1860"]
[BlackElo "2037"]
[PlyCount "30"]
[EventDate "2018.??.??"]
[WhiteTeam "Mulhouse Philidor"]
[BlackTeam "VfR-SC Koblenz"]

1. d4 Nf6 2. c4 e6 3. Nf3 Bb4+ 4. Nbd2 O-O 5. a3 Be7 6. e4 d5 7. e5 Nfd7 8. Be2
a5 9. b3 c5 10. cxd5 exd5 11. Bb2 Nc6 12. Bb5 cxd4 13. Bxc6 bxc6 14. Bxd4 Ba6
15. Bb2 Nc5 0-1

[Event "30.Schlosspark-Open"]
[Site "Wiesbaden-Biebrich"]
[Date "2018.08.24"]
[Round "3.44"]
[White "Cichy, Michael"]
[Black "Pauly, Markus"]
[Result "1-0"]
[WhiteElo "2036"]
[BlackElo "1805"]
[PlyCount "51"]
[EventDate "2018.??.??"]
[WhiteTeam "SC BS Gliesmarode"]
[BlackTeam "Sfr. Erbach"]

1. d4 g6 2. Nf3 Bg7 3. c4 c5 4. d5 d6 5. e4 e5 6. Be2 Ne7 7. h4 h6 8. h5 g5 9.
Nc3 f5 10. g4 fxe4 11. Nh2 Nd7 12. Nxe4 Nf6 13. Nc3 Bd7 14. Nf1 a6 15. a4 b6
16. Ng3 O-O 17. f3 Ra7 18. Be3 Rb7 19. Qd3 Kh8 20. O-O Bc8 21. Rab1 Qe8 22. b4
Nd7 23. Nge4 Qd8 24. Nxd6 Rc7 25. Nde4 Rb7 26. bxc5 1-0

[Event "30.Schlosspark-Open"]
[Site "Wiesbaden-Biebrich"]
[Date "2018.08.24"]
[Round "3.45"]
[White "Hipler, Andreas"]
[Black "Doeserich, Juergen"]
[Result "1/2-1/2"]
[WhiteElo "1852"]
[BlackElo "2033"]
[PlyCount "97"]
[EventDate "2018.??.??"]
[WhiteTeam "SK Gau-Algesheim"]
[BlackTeam "Schw. Pumpe Freiburg"]

1. d4 d5 2. Nf3 e6 3. e3 Nf6 4. Bd3 b6 5. O-O Bb7 6. Nbd2 Bd6 7. b3 O-O 8. Bb2
c5 9. Ne5 Nc6 10. f4 Rc8 11. a3 Ne7 12. Qf3 Nf5 13. g4 Nh4 14. Qh3 Ne4 15. Nxe4
dxe4 16. Bc4 Bxe5 17. dxe5 Nf3+ 18. Kg2 Qd2+ 19. Rf2 Qxe3 20. Qg3 Ne1+ 21. Kh3
Qxg3+ 22. Kxg3 Nf3 23. Rd1 Rcd8 24. Be2 Rxd1 25. Bxd1 Rd8 26. Be2 g5 27. Bc3
gxf4+ 28. Kxf4 Nh4 29. Kg3 Nf3 30. Bxf3 exf3 31. Rd2 Rxd2 32. Bxd2 Be4 33. c3
Kf8 34. Be1 Ke8 35. Kf4 Bc2 36. b4 cxb4 37. cxb4 Bd1 38. Ke3 Kd7 39. Kd4 Kc6
40. g5 Kb5 41. Kc3 a5 42. Bf2 Be2 43. bxa5 bxa5 44. h4 a4 45. h5 Kc6 46. Kd4
Bd1 47. h6 Bc2 48. Be1 Bb3 49. Bf2 1/2-1/2

[Event "30.Schlosspark-Open"]
[Site "Wiesbaden-Biebrich"]
[Date "2018.08.24"]
[Round "3.46"]
[White "Boehmer, Thomas"]
[Black "Brechlin, Olaf"]
[Result "1-0"]
[WhiteElo "2032"]
[BlackElo "1849"]
[PlyCount "91"]
[EventDate "2018.??.??"]
[WhiteTeam "Wiesbadener SV"]
[BlackTeam "FVS ASP Hoyerswerda"]

1. d4 d5 2. c4 Nc6 3. Nf3 Bg4 4. cxd5 Bxf3 5. dxc6 Bxc6 6. Nc3 Nf6 7. f3 e6 8.
e4 Bb4 9. Be3 O-O 10. Bc4 Nxe4 11. fxe4 Qh4+ 12. Kf1 Bxc3 13. bxc3 Qxe4 14. Qe2
Qf5+ 15. Kg1 Qa5 16. Bd2 Rad8 17. h3 e5 18. Kh2 exd4 19. cxd4 Qa4 20. Be3 Qa3
21. Rhf1 Qd6+ 22. Kg1 Rde8 23. Rae1 Bd5 24. Bxd5 Qxd5 25. Qf2 Re6 26. Bf4 Rf6
27. Qd2 Ra6 28. Rf2 Ra4 29. Be3 f6 30. Rc1 c6 31. Rc5 Qe6 32. d5 cxd5 33. Qxd5
Qxd5 34. Rxd5 Re8 35. Re2 Re7 36. Kf2 Kf7 37. Red2 Kg6 38. Bc5 Re6 39. a3 b6
40. Bf8 Kf7 41. Rd8 g5 42. R2d7+ Kg6 43. Bb4 h5 44. g4 hxg4 45. hxg4 f5 46.
Rg8+ 1-0

[Event "30.Schlosspark-Open"]
[Site "Wiesbaden-Biebrich"]
[Date "2018.08.24"]
[Round "3.47"]
[White "Muenstermann, Matthias"]
[Black "Moes, Waldemar"]
[Result "0-1"]
[WhiteElo "1839"]
[BlackElo "2015"]
[PlyCount "106"]
[EventDate "2018.??.??"]
[WhiteTeam "SK Langen"]
[BlackTeam "Zukertort Amsterdam"]

1. d4 Nf6 2. c4 g6 3. Nc3 Bg7 4. e4 d6 5. f3 O-O 6. Be3 Nc6 7. Qd2 Rb8 8. O-O-O
a6 9. Nd5 b5 10. Nxf6+ Bxf6 11. h4 e5 12. d5 Nd4 13. Bd3 bxc4 14. Bxc4 Bd7 15.
Ne2 Nxe2+ 16. Bxe2 Bxh4 17. Kb1 f5 18. Bxa6 f4 19. Bf2 Bxf2 20. Qxf2 Rb6 21.
Bc4 Qg5 22. Qh4 Qxh4 23. Rxh4 Rfb8 24. Rd2 h5 25. Bb3 Kg7 26. Rh1 R6b7 27. Rc2
Bb5 28. Ka1 Ra7 29. Rhc1 Rbb7 30. Bc4 Bd7 31. Rc3 g5 32. Rb3 Rxb3 33. Bxb3 g4
34. Bd1 g3 35. Be2 h4 36. Bf1 Kg6 37. b3 Kg5 38. a4 Be8 39. Kb2 Bh5 40. Rc3 h3
41. gxh3 g2 42. Bxg2 Kh4 43. Bf1 Kg3 44. Be2 Kxh3 45. Rc1 Kg3 46. Rf1 Be8 47.
Kc3 c6 48. Kc4 Bf7 49. Kd3 cxd5 50. exd5 Bxd5 51. Kc3 Rc7+ 52. Kb2 Rb7 53. Rd1
Bxb3 0-1

[Event "30.Schlosspark-Open"]
[Site "Wiesbaden-Biebrich"]
[Date "2018.08.24"]
[Round "3.48"]
[White "Hoffmann, Jens"]
[Black "Reinisch, Markus"]
[Result "1-0"]
[WhiteElo "2012"]
[BlackElo "1829"]
[PlyCount "118"]
[EventDate "2018.??.??"]
[WhiteTeam "SF HN-Biberach"]
[BlackTeam "Wiesbadener SV"]

1. e4 e6 2. b3 d5 3. Bb2 dxe4 4. Nc3 Nf6 5. Qe2 Nbd7 6. Nxe4 Nxe4 7. Qxe4 Nf6
8. Qh4 Bd7 9. O-O-O Bc6 10. f3 h6 11. Ne2 Be7 12. Qg3 Rg8 13. Nd4 Qd7 14. Nxc6
Qxc6 15. Qf2 Bc5 16. d4 Be7 17. Bd3 a6 18. Kb1 Qb6 19. Rhe1 O-O-O 20. f4 g6 21.
Qf3 Bf8 22. g4 Bg7 23. f5 exf5 24. gxf5 g5 25. Re7 Nd5 26. Rxf7 Bxd4 27. Be4
Bxb2 28. Kxb2 Nf4 29. Rxd8+ Rxd8 30. Qc3 Kb8 31. Rf6 Rd6 32. Rxd6 Qxd6 33. f6
Ne2 34. Qf3 Nf4 35. Bxb7 Qxf6+ 36. Kb1 Qb6 37. Be4 Qg1+ 38. Kb2 Qd4+ 39. Kb1
Qg1+ 40. Kb2 Qd4+ 41. c3 Qd2+ 42. Ka3 Qd6+ 43. b4 a5 44. Qf1 axb4+ 45. cxb4 Qb6
46. Qc1 Qa6+ 47. Kb3 Qe6+ 48. Qc4 Ka7 49. Qxe6 Nxe6 50. Kc4 Kb6 51. a4 Nf8 52.
a5+ Ka6 53. Bf5 h5 54. Kc5 h4 55. Kc6 g4 56. Bxg4 Ng6 57. Bc8+ Ka7 58. Kxc7 Ne5
59. b5 Nc4 1-0

[Event "30.Schlosspark-Open"]
[Site "Wiesbaden-Biebrich"]
[Date "2018.08.24"]
[Round "3.49"]
[White "Froehlich-Dill, Astrid"]
[Black "Iliev, Mustafa Batuhan"]
[Result "0-1"]
[WhiteElo "1824"]
[BlackElo "2012"]
[PlyCount "90"]
[EventDate "2018.??.??"]
[WhiteTeam "SV Hofheim"]
[BlackTeam "SV Grossauheim"]

1. d4 f5 2. c4 Nf6 3. Nc3 g6 4. Bg5 Bg7 5. g3 O-O 6. Bg2 d6 7. Nf3 c6 8. Qd2
Ne4 9. Qe3 Qa5 10. O-O e5 11. dxe5 dxe5 12. Bh6 Nxc3 13. Bxg7 Kxg7 14. bxc3 Re8
15. Rfd1 Na6 16. Rd6 Qc5 17. Qd2 Be6 18. Rd1 Re7 19. Qg5 Rae8 20. h4 h6 21. Qd2
e4 22. Qd4+ Qxd4 23. Nxd4 Nc5 24. Nxe6+ Rxe6 25. Rxe6 Rxe6 26. Rd4 Kf6 27. e3
Ke7 28. Kf1 Na4 29. g4 Nxc3 30. gxf5 gxf5 31. Bh3 Re5 32. Kg2 Nxa2 33. f3 Nc3
34. fxe4 Rxe4 35. Bxf5 Rxd4 36. exd4 a5 37. Kf2 a4 38. Bc2 a3 39. Bb3 a2 40.
Bxa2 Nxa2 41. Ke3 Ke6 42. Kf4 Nc3 43. Kg4 Ne2 44. Kh5 Nxd4 45. Kg6 h5 0-1

[Event "30.Schlosspark-Open"]
[Site "Wiesbaden-Biebrich"]
[Date "2018.08.24"]
[Round "3.50"]
[White "Gerst, Michael"]
[Black "Wunschik, Joachim"]
[Result "1/2-1/2"]
[WhiteElo "2009"]
[BlackElo "1793"]
[PlyCount "41"]
[EventDate "2018.??.??"]
[WhiteTeam "Oberhausener SV"]
[BlackTeam "SV Ruesselsheim"]

1. d4 Nf6 2. Nf3 e6 3. c4 d5 4. Nc3 c6 5. e3 Bd6 6. Bd3 Nbd7 7. O-O O-O 8. e4
dxe4 9. Nxe4 Nxe4 10. Bxe4 f5 11. Bc2 e5 12. Bg5 Be7 13. Bxe7 Qxe7 14. Nxe5
Nxe5 15. Re1 Qb4 16. Rxe5 Qxb2 17. Rb1 Qa3 18. c5 Qa5 19. Qe1 Qxe1+ 20. Rbxe1
Bd7 21. Bb3+ 1/2-1/2

[Event "30.Schlosspark-Open"]
[Site "Wiesbaden-Biebrich"]
[Date "2018.08.24"]
[Round "3.51"]
[White "Kiechl, Stefan"]
[Black "Martin, Reiner"]
[Result "0-1"]
[WhiteElo "1817"]
[BlackElo "2006"]
[PlyCount "48"]
[EventDate "2018.??.??"]
[WhiteTeam "SK Kriegshaber"]
[BlackTeam "SC Bad Soden"]

1. e4 c5 2. b3 e6 3. Bb2 Nc6 4. Nf3 d6 5. Be2 Nf6 6. d3 Be7 7. O-O O-O 8. e5
dxe5 9. Nxe5 Nd4 10. Bf3 Qc7 11. Nc4 Rb8 12. c3 Nxf3+ 13. Qxf3 b5 14. Ne3 Bb7
15. Qe2 Rfd8 16. c4 b4 17. Rd1 Qf4 18. Nd2 Rd7 19. Nd5 Nxd5 20. Be5 Nc3 21. Qh5
Qg5 22. Qxg5 Bxg5 23. Bxb8 Nxd1 24. Rxd1 Rxd3 0-1

[Event "30.Schlosspark-Open"]
[Site "Wiesbaden-Biebrich"]
[Date "2018.08.24"]
[Round "3.52"]
[White "Chernykh, Arkady"]
[Black "Hertle, Philipp"]
[Result "1-0"]
[WhiteElo "1928"]
[BlackElo "1784"]
[PlyCount "53"]
[EventDate "2018.??.??"]
[WhiteTeam "Karlsruher SF"]
[BlackTeam "SK Radolfzell"]

1. d4 Nf6 2. c4 g6 3. Nc3 Bg7 4. e4 d6 5. Nf3 O-O 6. Be2 e5 7. d5 Ne8 8. h4 h6
9. h5 g5 10. Be3 f5 11. exf5 Bxf5 12. Qd2 Bf6 13. Bd3 Qd7 14. Ne4 Kf7 15. Ng3
Ng7 16. Nxf5 Nxf5 17. Bxg5 e4 18. Bxf6 exd3 19. Bc3 Rg8 20. Qf4 Rxg2 21. Nd4
Rg5 22. Ne6 Nc6 23. O-O-O Ne5 24. Bxe5 dxe5 25. Nxg5+ hxg5 26. Qxe5 Re8 27. Qc3
1-0